[Event "Rapid Exhibition g/10"]
[Site "Manises ESP"]
[Date "2001.06.14"]
[Round "2.2"]
[White "Arizmendi Martinez, Julen L"]
[Black "Karpov, Anatoly"]
[Result "1/2-1/2"]
[WhiteElo "2478"]
[BlackElo "2692"]
[EventDate "2001.06.14"]

1.e4 e6 2.d4 d5 3.Nd2 c5 4.Ngf3 cxd4 5.Nxd4 Nc6 6.Bb5 Bd7 7.Nxc6 Bxc6 8.
Bxc6+ bxc6 9.c4 Nf6 10.Qa4 Qd7 11.e5 Ng8 12.O-O Ne7 13.Nf3 c5 14.Qc2 Nc6 
15.Rd1 d4 16.Qe4 Rb8 17.h4 Be7 18.h5 h6 19.Qg4 Kf8 20.b3 a5 21.Bf4 a4 22.
Nd2 Kg8 23.Ne4 Kh7 24.Rd3 Rhg8 25.Rf3 Ra8 26.Re1 axb3 27.axb3 Qe8 28.Bg3 
Ra7 29.Qf4 Rf8 30.Nf6+ gxf6 31.exf6 Bd8 32.Qe4+ Kh8 33.Qf4 Kh7 34.Qe4+ Kh8
1/2-1/2

[Event "Moscow"]
[Site "?"]
[Date "1976.??.??"]
[Round "3"]
[White "Geller, Efim P"]
[Black "Karpov, Anatoly"]
[Result "1-0"]
[WhiteElo "2620"]
[BlackElo "2695"]

1.e4 e6 2.d4 d5 3.Nc3 Bb4 4.e5 Qd7 5.Nf3 b6 6.Bd2 Ba6 7.Bxa6 Nxa6 8.O-O 
Nb8 9.Ne2 Be7 10.Rc1 b5 11.Nf4 h5 12.b3 Ba3 13.Rb1 a5 14.c4 c6 15.c5 Bb4 
16.Bc1 a4 17.Nd3 Ba5 18.bxa4 bxa4 19.Qxa4 Qa7 20.Bg5 Bc7 21.Rxb8+ Qxb8 22.
Qxc6+ Kf8 23.Nf4 Ra7 24.Nh4 Qe8 25.Qxe6 fxe6 26.Nfg6+ Qxg6 27.Nxg6+ Ke8 
28.Nxh8 Ra4 29.Rd1 Ne7 30.Bxe7 Kxe7 31.Ng6+ Kf7 32.Nf4 Bxe5 33.dxe5 Rxf4 
34.Rc1 Ke8 35.c6 Kd8 36.c7+ Kc8 37.g3 Ra4 38.Rc6 Rxa2 39.Rxe6 g5 40.Rd6 
Rd2 41.e6 Kxc7 42.e7 1-0

[Event "Carlos Falcon Memorial Blitz"]
[Site "Barcelona ESP"]
[Date "1999.07.26"]
[Round "1"]
[White "Illescas Cordoba, Miguel"]
[Black "Karpov, Anatoly"]
[Result "1/2-1/2"]
[WhiteElo "2600"]
[BlackElo "2700"]
[EventDate "1999.07.26"]

1.e4 e5 2.Nf3 Nf6 3.Nxe5 d6 4.Nf3 Nxe4 5.Bd3 d5 6.Qe2 Qe7 7.O-O Nc5 8.Re1 
Qxe2 9.Bxe2 Ne6 10.d4 c6 11.c4 Bb4 12.Nc3 dxc4 13.Bxc4 O-O 14.a3 Ba5 15.
Ne5 Re8 16.b4 Bd8 17.d5 cxd5 18.Bxd5 Bf6 19.Bb2 Bxe5 20.Rxe5 Nd7 21.Ree1 
Nb6 22.Rad1 Nxd5 23.Nxd5 b6 24.Nf4 f6 25.Rc1 Kf7 26.Nxe6 Bxe6 27.f3 Rac8 
28.Kf2 h5 29.h4 Red8 30.Rxc8 Bxc8 31.Ke3 Ba6 32.Bd4 Re8+ 33.Kd2 Rd8 34.Ke3
Rc8 35.Kd2 Rc4 36.Bf2 Rc7 37.Bd4 Bb5 38.Rc1 Rd7 39.Kc3 Kg6 40.Re1 Kf5 41.
Re4 Ba4 42.Re3 Rc7+ 43.Kd3 Rd7 44.Kc3 Rc7+ 45.Kd3 Rd7 46.Kc3 Rc7+ 47.Kd3 
1/2-1/2

[Event "Karpov-Boca Simul"]
[Site "Buenos Aires ARG"]
[Date "2001.08.15"]
[Round "?"]
[White "Karpov, Anatoly"]
[Black "Andres, Miguel"]
[Result "1/2-1/2"]
[WhiteElo "2692"]
[BlackElo "2373"]
[EventDate "2001.08.15"]

1.d4 Nf6 2.c4 c5 3.d5 d6 4.Nc3 g6 5.e4 Bg7 6.Nf3 O-O 7.h3 e6 8.Bd3 exd5 9.
cxd5 b5 10.O-O b4 11.Nb1 c4 12.Bxc4 Nxe4 13.Re1 Re8 14.a3 Ba6 15.Be2 Qa5 
16.Nbd2 Nf6 17.Bc4 Rxe1+ 18.Qxe1 Bxc4 19.Nxc4 Qc5 20.Qxb4 Nxd5 21.Qxc5 
dxc5 22.Be3 Nd7 23.Rc1 Rb8 24.Rc2 N7b6 25.Bxc5 Nxc4 26.Rxc4 Bxb2 27.Ra4 
Rc8 28.Bd4 Nc3 1/2-1/2

[Event "Simul Match"]
[Site "Seixal POR"]
[Date "2001.07.22"]
[Round "1"]
[White "Karpov, Anatoly"]
[Black "Galego, Luis"]
[Result "1/2-1/2"]
[WhiteElo "2692"]
[BlackElo "2467"]
[EventDate "2001.07.22"]

1.d4 e6 2.c4 Bb4+ 3.Nd2 d5 4.a3 Be7 5.e4 dxe4 6.Nxe4 Nf6 7.Nc3 c5 8.Nf3 
cxd4 9.Qxd4 O-O 10.Qxd8 Rxd8 11.Bf4 Nc6 12.Be2 b6 13.O-O Bb7 14.Rfd1 h6 
15.h3 g5 16.Be3 g4 17.hxg4 Nxg4 18.Bf4 f5 19.Bc7 Rxd1+ 20.Rxd1 Rc8 21.Bg3 
Rd8 22.Rxd8+ Bxd8 23.Nb5 Bf6 24.b4 Bc8 25.Bc7 Bd7 26.Ne1 Nd4 27.Nxd4 Bxd4 
28.Nd3 Ba4 29.Bxg4 fxg4 30.Be5 Bc2 31.Bxd4 Bxd3 32.c5 bxc5 33.bxc5 Be4 34.
c6 Bxc6 35.Bxa7 Kf7 1/2-1/2

[Event "FIDE GP"]
[Site "Dubai UAE"]
[Date "2002.04.05"]
[Round "3.4"]
[White "Karpov, Anatoly"]
[Black "Georgiev, Kiril D"]
[Result "1/2-1/2"]
[WhiteElo "2693"]
[BlackElo "2655"]
[EventDate "2002.04.03"]

1.d4 d6 2.Nf3 Bg4 3.c4 Nf6 4.Nbd2 g6 5.e4 Bg7 6.Bd3 O-O 7.h3 Bc8 8.Qe2 Nc6
9.O-O e5 10.d5 Ne7 11.Kh2 Nh5 12.g3 Qd7 13.Ng1 f5 14.exf5 Nxf5 15.Be4 Nd4 
16.Qd3 Nf6 17.Bg2 Qf7 18.Ne4 Bf5 19.Bd2 c6 20.Nxf6+ Qxf6 21.Qc3 c5 22.Rac1
Kh8 23.Be3 g5 24.Qd2 h6 25.b4 b6 26.Bxd4 exd4 27.f4 g4 28.hxg4 Bxg4 29.
Rce1 Rae8 30.Nf3 Bf5 31.Nh4 Bh7 32.bxc5 bxc5 33.Bf3 d3 34.f5 Qb2 35.Qxb2 
Bxb2 36.Rxe8 Rxe8 37.Bh5 Re5 38.Rf3 Bd4 39.Rxd3 Bxf5 40.Ra3 Be4 41.Bg6 Re7
42.Bxe4 Rxe4 43.Rxa7 Kg8 44.Nf5 Be5 45.Nxh6+ Kf8 46.Nf7 Rxc4 47.a4 Rd4 48.
a5 c4 49.Rc7 Rd2+ 50.Kh3 Ra2 51.Nxe5 dxe5 52.d6 Ke8 53.Re7+ Kd8 54.Rxe5 
Kd7 55.Kh4 Kxd6 56.Rb5 c3 57.Rb3 c2 58.Rc3 Ke7 59.Kg4 Kf7 60.Rc7+ Kg6 61.
Rc6+ Kg7 1/2-1/2

[Event "Gp A"]
[Site "Cap d'Agde FRA"]
[Date "2000.10.30"]
[Round "4"]
[White "Karpov, Anatoly"]
[Black "Hamdouchi, Hichem"]
[Result "1/2-1/2"]
[WhiteElo "2699"]
[BlackElo "2541"]
[EventDate "2000.10.29"]

1.d4 d5 2.c4 c6 3.Nf3 Nf6 4.e3 Bf5 5.Nc3 e6 6.Nh4 Be4 7.f3 Bg6 8.Qb3 Qc7 
9.g3 Be7 10.Kf2 Nbd7 11.Nxg6 hxg6 12.Bd2 Bd6 13.Ne2 g5 14.Bg2 g6 15.cxd5 
exd5 16.e4 dxe4 17.fxe4 Be7 18.Kg1 Nh7 19.Rf1 O-O 20.h4 gxh4 21.Bh6 c5 22.
Nf4 Qd6 23.Nd5 cxd4 24.Bxf8 Rxf8 25.gxh4 Ndf6 26.Qxb7 Bd8 27.Rh3 Ng4 28.
Qxa7 Ne3 29.Qxd4 Nxf1 30.Bxf1 Re8 31.b4 Qe6 32.Bg2 Nf6 33.e5 Nxd5 34.Qxd5 
Bb6+ 35.Kh2 Qg4 36.Qe4 Qd1 37.Rd3 Qc1 38.Kh3 Qc8+ 39.Qg4 Qc2 40.Be4 Qc4 
41.Bf5 Qc1 42.Bxg6 Qh1+ 43.Kg3 Qg1+ 44.Kh3 Qh1+ 45.Kg3 Qg1+ 46.Kh3 Qh1+ 
47.Kg3 Qg1+ 48.Kf3 1/2-1/2

[Event "World Championship 29th"]
[Site "Baguio City PHI"]
[Date "1978.10.17"]
[Round "32"]
[White "Karpov, Anatoly"]
[Black "Korchnoi, Viktor L"]
[Result "1-0"]
[WhiteElo "2725"]
[BlackElo "2665"]
[EventDate "1978.07.??"]

1.e4 d6 2.d4 Nf6 3.Nc3 g6 4.Nf3 Bg7 5.Be2 O-O 6.O-O c5 7.d5 Na6 8.Bf4 Nc7 
9.a4 b6 10.Re1 Bb7 11.Bc4 Nh5 12.Bg5 Nf6 13.Qd3 a6 14.Rad1 Rb8 15.h3 Nd7 
16.Qe3 Ba8 17.Bh6 b5 18.Bxg7 Kxg7 19.Bf1 Nf6 20.axb5 axb5 21.Ne2 Bb7 22.
Ng3 Ra8 23.c3 Ra4 24.Bd3 Qa8 25.e5 dxe5 26.Qxe5 Nxd5 27.Bxb5 Ra7 28.Nh4 
Bc8 29.Be2 Be6 30.c4 Nb4 31.Qxc5 Qb8 32.Bf1 Rc8 33.Qg5 Kh8 34.Rd2 Nc6 35.
Qh6 Rg8 36.Nf3 Qf8 37.Qe3 Kg7 38.Ng5 Bd7 39.b4 Qa8 40.b5 Na5 41.b6 Rb7 1-0

[Event "Match g/25 5"]
[Site "Rethymno GRE"]
[Date "2001.04.21"]
[Round "1"]
[White "Karpov, Anatoly"]
[Black "Kouvatsou, Maria"]
[Result "1-0"]
[WhiteElo "2693"]
[BlackElo "2203"]
[EventDate "2001.04.21"]

1.d4 Nf6 2.Nf3 c5 3.d5 e6 4.Nc3 exd5 5.Nxd5 Nxd5 6.Qxd5 Be7 7.e4 Nc6 8.Bc4
O-O 9.O-O d6 10.c3 Na5 11.Bd3 g6 12.Bc2 Be6 13.Qd2 Bf6 14.Qf4 Nc4 15.Qg3 
Bg7 16.Ng5 Ne5 17.Bf4 Qe7 18.Nxe6 Qxe6 19.Rfd1 c4 20.Rd2 Rac8 21.Rad1 Rfd8
22.h3 Rc5 23.Rd3 Rb5 24.Rd5 Rxd5 25.Rxd5 b6 26.a4 Rc8 27.Be3 Bf6 28.Bd4 
Rc6 29.Qe3 Nd7 30.Qd2 Nc5 31.f3 Nd7 32.Bf2 Be5 33.f4 Bg7 34.Rxd6 Nc5 35.e5
Rxd6 36.Qxd6 1-0

[Event "Amber Blindfold"]
[Site "Monaco MNC"]
[Date "2000.03.21"]
[Round "5"]
[White "Karpov, Anatoly"]
[Black "Ljubojevic, Ljubomir"]
[Result "1/2-1/2"]
[WhiteElo "2696"]
[BlackElo "2559"]
[EventDate "2000.03.16"]

1.d4 Nf6 2.c4 e6 3.Nc3 Bb4 4.Qc2 O-O 5.a3 Bxc3+ 6.Qxc3 b6 7.Bg5 Bb7 8.f3 
d5 9.e3 Nbd7 10.cxd5 exd5 11.Bd3 c5 12.Ne2 Ne4 13.Bxd8 Nxc3 14.Bh4 Nxe2 
15.Kxe2 a5 16.dxc5 Nxc5 17.Rac1 Rfc8 18.Bb5 Nb3 19.Rc3 Rxc3 20.bxc3 Rc8 
21.Rb1 Nc5 22.Kd2 f6 23.Bg3 Kf7 24.c4 Ke7 25.cxd5 Bxd5 26.e4 Be6 27.Bf2 
Kd6 28.Ke2 Kc7 29.Rc1 Kd6 30.Be3 h6 31.h4 h5 32.Kf2 Ke7 33.Rd1 Bf7 34.Rb1 
Ba2 35.Rb2 Be6 36.Rd2 Nb3 37.Rb2 Nc5 38.Bd4 Nb3 39.Be3 Nc5 1/2-1/2

[Event "Assoc. Max Euwe Match"]
[Site "Monaco MNC"]
[Date "1999.03.02"]
[Round "8"]
[White "Karpov, Anatoly"]
[Black "Piket, Jeroen"]
[Result "1/2-1/2"]
[WhiteElo "2710"]
[BlackElo "2619"]

1.d4 Nf6 2.c4 e6 3.Nc3 Bb4 4.e3 O-O 5.Ne2 d5 6.a3 Be7 7.cxd5 exd5 8.g3 c6 
9.Bg2 Na6 10.Bd2 Nc7 11.Qc2 g6 12.f3 Ne6 13.Na4 Re8 14.O-O a5 15.Kh1 b5 
16.Nac3 Ba6 17.Rfe1 c5 18.dxc5 Bxc5 19.b4 axb4 20.axb4 Bxb4 21.Reb1 Bc5 
22.Nxb5 Bxb5 23.Rxa8 Qxa8 24.Rxb5 Qa7 25.Qc3 Qa6 26.Qd3 Ba7 27.Rb3 Qa4 28.
Rb1 Rd8 29.Bc3 d4 30.exd4 Nd5 31.Ra1 Qd7 32.Ba5 Re8 33.f4 Ne3 34.Bf3 Nxd4 
35.Bc3 Ng4 36.Kg2 Ne3+ 37.Kh1 Ng4 38.Kg2 Ne3+ 1/2-1/2

[Event "Assoc. Max Euwe Match"]
[Site "Monaco MNC"]
[Date "1999.02.27"]
[Round "6"]
[White "Karpov, Anatoly"]
[Black "Piket, Jeroen"]
[Result "1/2-1/2"]
[WhiteElo "2710"]
[BlackElo "2619"]

1.d4 Nf6 2.c4 e6 3.Nc3 Bb4 4.Qc2 O-O 5.a3 Bxc3+ 6.Qxc3 b6 7.Bg5 Bb7 8.f3 
h6 9.Bh4 d5 10.e3 c5 11.dxc5 bxc5 12.Bxf6 Qxf6 13.Qxf6 gxf6 14.O-O-O dxc4 
15.Bxc4 Nc6 16.Nh3 Ne5 17.Be2 Bd5 18.Rd2 f5 19.Nf2 Rab8 20.Re1 Rfc8 21.Nd1
Bc4 22.f4 Bxe2 23.Rexe2 Nc6 24.Rd7 Kf8 25.Red2 Ke8 26.R2d6 Rb3 27.g3 a6 
28.Kc2 c4 29.Rd2 h5 30.R7d6 Rc7 31.Nc3 Ke7 32.Rd1 Rb6 33.Kc1 Rb3 34.Kc2 
Rb6 35.Kb1 Rb3 36.Ka1 Nb8 37.R6d4 Rb6 38.e4 fxe4 39.Rxe4 Rd6 40.Rxd6 Kxd6 
41.Kb1 f5 42.Rd4+ Ke7 43.Kc2 Nd7 44.Nd1 Nb6 45.Ne3 a5 46.Kc3 Na4+ 47.Kc2 
Nb6 48.Kc3 1/2-1/2

[Event "8. Amber Blindfold"]
[Site "Monte Carlo MNC"]
[Date "1999.03.18"]
[Round "3"]
[White "Karpov, Anatoly"]
[Black "Piket, Jeroen"]
[Result "1/2-1/2"]
[WhiteElo "2710"]
[BlackElo "2619"]

1.d4 Nf6 2.c4 e6 3.Nc3 Bb4 4.e3 O-O 5.Ne2 d5 6.a3 Be7 7.Ng3 Re8 8.Be2 a6 
9.O-O Nbd7 10.Qc2 dxc4 11.Bxc4 b5 12.Be2 Bb7 13.Rd1 c5 14.dxc5 Bxc5 15.
Nce4 Qb6 16.b4 Be7 17.Bb2 Rac8 18.Qb1 Bd5 19.Nxf6+ Nxf6 20.e4 Bc4 21.Bd4 
Qb8 22.Bf3 e5 23.Bc3 g6 24.Qb2 Bd8 25.Qd2 Rc6 26.Rac1 Bb6 27.h4 h5 28.Qg5 
Nh7 29.Qh6 Qc8 30.Bb2 Nf6 31.Qg5 Nh7 32.Qh6 Nf6 33.Rd2 Ree6 34.Rcd1 Qf8 
35.Qxf8+ Kxf8 36.Nf1 Ng4 37.Bxg4 hxg4 38.Re1 f6 39.Ne3 g3 40.fxg3 Rcd6 41.
Rxd6 Rxd6 42.Kh2 Rd2 43.Bc1 Bxe3 44.Rxe3 Re2 45.g4 Rxe3 46.Bxe3 Bd3 47.g5 
Kf7 48.gxf6 Kxf6 1/2-1/2

[Event "Clash of the Titans - Karpov-Polgar"]
[Site "Lindsborg"]
[Date "2004.09.19"]
[Round "6"]
[White "Karpov, Anatoly"]
[Black "Polgar, Zsuzsa"]
[Result "1/2-1/2"]
[WhiteElo "2682"]
[BlackElo "2567"]
[EventDate "2004.09.18"]

1.d4 d5 2.Nf3 Nf6 3.c4 dxc4 4.e3 e6 5.Bxc4 c5 6.O-O a6 7.dxc5 Bxc5 8.Qxd8+
Kxd8 9.Nbd2 Ke7 10.Be2 b6 11.b3 Bb7 12.Bb2 Nbd7 13.Rfd1 Rhd8 14.Ne1 Rac8 
15.Nd3 Bd6 16.Nc4 Bc7 17.Ba3+ Ke8 18.Rac1 b5 19.Nd6+ Bxd6 20.Bxd6 Rxc1 21.
Rxc1 Rc8 22.Rxc8+ Bxc8 23.Bf3 Kd8 24.Nb4 Nb6 25.Nc6+ Kd7 26.Bc5 Nfd5 27.
Ne5+ Ke8 28.h3 Bb7 1/2-1/2

[Event "Super Final"]
[Site "Buenos Aires ARG"]
[Date "2000.09.27"]
[Round "9"]
[White "Karpov, Anatoly"]
[Black "Ricardi, Pablo"]
[Result "0-1"]
[WhiteElo "2699"]
[BlackElo "2488"]
[EventDate "2000.09.18"]

1.d4 Nf6 2.c4 g6 3.g3 c5 4.d5 b5 5.cxb5 a6 6.bxa6 Bxa6 7.Nc3 Bg7 8.Bg2 d6 
9.Nf3 Nbd7 10.O-O Nb6 11.Nh4 O-O 12.Qc2 Qd7 13.Rd1 Bb7 14.a4 Rfb8 15.e4 
Ne8 16.b3 Nc7 17.Bb2 e6 18.dxe6 Qxe6 19.Rab1 Bc6 20.Ne2 Bxb2 21.Rxb2 Na6 
22.Qc3 Nd7 23.Nf3 Ne5 24.Nf4 Nxf3+ 25.Qxf3 Qe5 26.Rbd2 c4 27.bxc4 Bxa4 28.
Re1 Nc5 29.Rd5 Qe7 30.Qe2 Bc6 31.Rd2 Ra4 32.Nd5 Bxd5 33.Rxd5 Nd7 34.Red1 
Ne5 35.Rxd6 Nxc4 36.R6d4 Rb2 37.Qd3 Qf6 38.f4 Qb6 39.Kh1 0-1

[Event "Karpov-Boca Simul"]
[Site "Buenos Aires ARG"]
[Date "2001.08.15"]
[Round "?"]
[White "Karpov, Anatoly"]
[Black "Rodriguez, Jorge Luis"]
[Result "1/2-1/2"]
[WhiteElo "2692"]
[BlackElo "2417"]
[EventDate "2001.08.15"]

1.d4 Nf6 2.c4 e6 3.Nc3 Bb4 4.Qc2 O-O 5.a3 Bxc3+ 6.Qxc3 b6 7.Bg5 Bb7 8.e3 
h6 9.Bh4 Re8 10.f3 d5 11.cxd5 Nxd5 12.Bxd8 Nxc3 13.Bxc7 Nd5 14.Bxb8 Raxb8 
15.Kd2 f5 16.Bb5 Re7 17.Ne2 Rd8 18.Bc4 f4 19.Bxd5 fxe3+ 20.Kxe3 Bxd5 21.
Rhd1 Bb3 22.Rd3 Bc4 23.Rd2 e5 24.d5 Rxd5 25.Rxd5 Bxd5 26.Rd1 Bb7 27.Rd8+ 
Kf7 28.Nc3 Bc6 29.h4 Rd7 30.Rc8 Bb7 31.Rc4 Ke7 32.h5 Kf6 33.Rg4 Kf7 34.Rg6
Ba6 35.g4 Rd3+ 36.Ke4 Rd2 37.Kxe5 Rxb2 38.Rc6 Rc2 39.Rc7+ Kg8 40.Kd4 Be2 
41.Ke3 Bf1 42.a4 a5 1/2-1/2

[Event "Simul Match"]
[Site "Seixal POR"]
[Date "2001.07.22"]
[Round "1"]
[White "Karpov, Anatoly"]
[Black "Santos, Carlos P"]
[Result "1/2-1/2"]
[WhiteElo "2692"]
[BlackElo "2423"]
[EventDate "2001.07.22"]

1.d4 Nf6 2.c4 g6 3.Nf3 Bg7 4.g3 O-O 5.Bg2 d6 6.O-O c6 7.Nc3 Qa5 8.e4 Bg4 
9.h3 Bxf3 10.Bxf3 Nbd7 11.Be3 e5 12.Rc1 Rfc8 13.Bg2 Qd8 14.Qd2 Qf8 15.Rfd1
a6 16.b3 Re8 17.Re1 h5 18.Rcd1 Kh7 19.f4 Rad8 20.Re2 Qh8 21.Bf3 exd4 22.
Bxd4 c5 23.Bf2 Nb8 24.Re3 Nc6 25.Rd3 Ng8 26.Ne2 Nf6 27.Nc3 Ng8 28.Nd5 Nd4 
29.Bxd4 Bxd4+ 30.Kg2 Nf6 1/2-1/2

[Event "8. Amber Rapidplay"]
[Site "Monte Carlo MNC"]
[Date "1999.03.26"]
[Round "9"]
[White "Karpov, Anatoly"]
[Black "Shirov, Alexei D"]
[Result "1-0"]
[WhiteElo "2710"]
[BlackElo "2726"]

1.d4 Nf6 2.Nf3 g6 3.g3 Bg7 4.Bg2 O-O 5.c4 d6 6.O-O Nc6 7.Nc3 a6 8.b3 Rb8 
9.Nd5 Nh5 10.Bb2 e6 11.Nc3 b5 12.d5 Ne7 13.dxe6 fxe6 14.c5 dxc5 15.Qc2 Bb7
16.Nd1 Qd6 17.Bxg7 Nxg7 18.Rc1 Nef5 19.Qxc5 Bxf3 20.Bxf3 Nd4 21.Ne3 Ne8 
22.Rfd1 Nxf3+ 23.exf3 Qxc5 24.Rxc5 Rxf3 25.Rc6 a5 26.Rxe6 a4 27.bxa4 bxa4 
28.Ng4 Nd6 29.Re7 Rf7 30.Re6 Kg7 31.Ne5 Rf5 32.f4 Re8 33.Rxe8 Nxe8 34.Rd7+
Kg8 35.Re7 Rf8 36.Nd7 1-0

[Event "Eurotel Trophy"]
[Site "Prague CZE"]
[Date "2002.04.29"]
[Round "1.1"]
[White "Karpov, Anatoly"]
[Black "Short, Nigel D"]
[Result "1-0"]
[WhiteElo "2690"]
[BlackElo "2673"]
[EventDate "2002.04.28"]

1.d4 Nf6 2.c4 e6 3.Nc3 Bb4 4.Qc2 d5 5.cxd5 exd5 6.Bg5 h6 7.Bh4 c5 8.dxc5 
g5 9.Bg3 Ne4 10.e3 Qa5 11.Ne2 Bf5 12.Be5 Nxc3 13.Qxf5 Ne4+ 14.Nc3 O-O 15.
Bd3 Nc6 16.O-O Rfe8 17.Nxe4 dxe4 18.Bxe4 Rxe5 19.Qh7+ Kf8 20.Qxh6+ 1-0

[Event "Blitz"]
[Site "Reykjavik ISL"]
[Date "2004.03.17"]
[Round "6"]
[White "Karpov, Anatoly"]
[Black "Short, Nigel D"]
[Result "1-0"]
[WhiteElo "2682"]
[BlackElo "2702"]
[EventDate "2004.03.17"]

1.d4 d5 2.c4 c6 3.Nf3 Nf6 4.e3 e6 5.Nbd2 c5 6.cxd5 Nxd5 7.dxc5 Bxc5 8.a3 
Be7 9.Qc2 Nc6 10.b4 Bd7 11.Bb2 Rc8 12.Qb3 O-O 13.Bd3 Bf6 14.Ne4 Bxb2 15.
Qxb2 Qe7 16.Rd1 Rfd8 17.O-O Be8 18.Rd2 h6 19.Rfd1 Nb8 20.Bc2 b6 21.Bb3 Bc6
22.Ng3 Bb7 23.Nh5 f6 24.Nd4 Qf7 25.Nxe6 Qxe6 26.Nf4 Qe5 27.Qxe5 fxe5 28.
Nxd5 Kf8 29.h4 Nc6 30.h5 Nd4 31.exd4 1-0

[Event "8. Amber Rapidplay"]
[Site "Monte Carlo MNC"]
[Date "1999.03.28"]
[Round "11"]
[White "Karpov, Anatoly"]
[Black "Topalov, Veselin"]
[Result "1/2-1/2"]
[WhiteElo "2710"]
[BlackElo "2700"]

1.Nf3 d5 2.d4 Nf6 3.c4 c6 4.Nc3 dxc4 5.a4 Bf5 6.e3 e6 7.Bxc4 Bb4 8.O-O O-O
9.Qe2 Bg6 10.Rd1 Nbd7 11.Bd3 Bxd3 12.Rxd3 Qa5 13.Bd2 c5 14.Be1 cxd4 15.
Rxd4 e5 16.Rdd1 a6 17.Ne4 Bxe1 18.Nxf6+ Nxf6 19.Qxe1 Qxe1+ 20.Rxe1 e4 21.
Nd4 Rfc8 22.Rec1 g6 23.Nb3 b6 24.h3 Nd7 25.Nd4 Ne5 26.b4 h5 27.b5 Rxc1+ 
28.Rxc1 axb5 29.axb5 h4 30.Kh2 Kg7 31.Rc2 Nd3 32.g3 hxg3+ 33.Kxg3 Nc5 34.
h4 Ra1 35.Ne2 Kf6 36.Rd2 Ke5 37.Nf4 Nd3 38.Nxd3+ exd3 39.Rxd3 Rg1+ 40.Kf3 
Rb1 41.Kg4 Rxb5 42.f4+ Ke6 43.e4 Rb1 44.Kf3 Rh1 45.Kg3 Rg1+ 1/2-1/2

[Event "Amber Blindfold"]
[Site "Monaco MNC"]
[Date "2000.03.16"]
[Round "1"]
[White "Karpov, Anatoly"]
[Black "Van Wely, Loek"]
[Result "1-0"]
[WhiteElo "2696"]
[BlackElo "2646"]
[EventDate "2000.03.16"]

1.d4 Nf6 2.c4 e6 3.Nc3 Bb4 4.Qc2 O-O 5.a3 Bxc3+ 6.Qxc3 b6 7.Bg5 Bb7 8.e3 
d6 9.f3 c5 10.dxc5 bxc5 11.Rd1 a5 12.Bxf6 gxf6 13.Nh3 Ra6 14.Be2 Nd7 15.
O-O f5 16.Rd2 Qe7 17.Rfd1 Rd8 18.Nf4 Nf6 19.Nd3 Rb8 20.b4 axb4 21.axb4 
cxb4 22.Qxb4 Nd7 23.Qc3 Rb6 24.Rb2 Rxb2 25.Nxb2 Bc6 26.Nd3 Qf6 27.Qa3 Qe7 
28.Qa7 Qd8 29.Qd4 Qb6 30.Qf4 Ba4 31.Rd2 Qa5 32.Ra2 Ne5 33.Kf2 Rb3 34.Nxe5 
dxe5 35.Qg5+ Kf8 36.Bd1 Rb4 37.c5 Qxc5 38.Rxa4 Rxa4 39.Bxa4 Qa5 40.Bd1 f4 
41.Be2 Qc5 42.Qd8+ Kg7 43.Qd3 f5 44.Bd1 Kf6 45.Bb3 Qb6 46.g3 Kg6 47.Ke2 
fxe3 48.Qxe3 Qa6+ 49.Qd3 Qa5 50.Qc4 Kg5 51.h4+ Kh5 52.Qxe6 1-0

[Event "FIDE GP"]
[Site "Dubai UAE"]
[Date "2002.04.03"]
[Round "1.1"]
[White "Karpov, Anatoly"]
[Black "Van Wely, Loek"]
[Result "0-1"]
[WhiteElo "2693"]
[BlackElo "2697"]
[EventDate "2002.04.03"]

1.d4 Nf6 2.c4 e6 3.Nf3 d5 4.g3 dxc4 5.Bg2 Nc6 6.Qa4 Bb4+ 7.Bd2 Nd5 8.Bxb4 
Nxb4 9.a3 b5 10.Qxb5 Nc2+ 11.Kf1 Bd7 12.Ra2 N6xd4 13.Qc5 Nf5 14.Ne5 Rb8 
15.Nc3 Rb6 16.e3 Ba4 17.Be4 Nd6 18.Bxc2 Bxc2 19.Kg2 O-O 20.a4 Ne4 21.Nxe4 
Bxe4+ 22.f3 Qd2+ 23.Kh3 Bd3 24.e4 Rxb2 25.Rxb2 Qxb2 26.Qxc7 Qf2 27.Qd6 
Bf1+ 28.Kg4 Qg2 29.Rxf1 Qxf1 30.Qd4 Qe2 31.h4 h6 32.Nxc4 f5+ 33.exf5 Rxf5 
34.Nd2 Rd5 35.Qe4 Rxd2 0-1

[Event "Female vs Male Match g/25"]
[Site "Guanzhou CHN"]
[Date "2000.04.14"]
[Round "5"]
[White "Karpov, Anatoly"]
[Black "Xie Jun"]
[Result "1-0"]
[WhiteElo "2696"]
[BlackElo "2542"]
[EventDate "2000.04.09"]

1.c4 Nf6 2.Nc3 g6 3.g3 d5 4.cxd5 Nxd5 5.Bg2 Nb6 6.d3 Bg7 7.Be3 Nc6 8.Nf3 
e5 9.O-O h6 10.Bc5 Be6 11.Rc1 Qd7 12.b4 Rd8 13.a4 Nc8 14.b5 N6e7 15.Qc2 
O-O 16.Ba3 Nd6 17.Ne4 Nxe4 18.dxe4 c6 19.bxc6 bxc6 20.Qc5 Rfe8 21.Nxe5 Qd4
22.Nc4 Rd7 23.a5 Rb8 24.Qxd4 Bxd4 25.Rfd1 Kf8 26.e3 Bg7 27.Rxd7 Bxd7 28.
Bc5 Be6 29.Bxa7 Ra8 30.Bb6 Nc8 31.Bc5+ Ke8 32.e5 Kd7 33.Bd4 Bxc4 34.Rxc4 
Rxa5 35.Bxc6+ Kd8 36.Bb7 1-0

[Event "World Championship 30th"]
[Site "Meran ITA"]
[Date "1981.11.05"]
[Round "13"]
[White "Korchnoi, Viktor L"]
[Black "Karpov, Anatoly"]
[Result "1-0"]
[WhiteElo "2695"]
[BlackElo "2700"]
[EventDate "1981.10.??"]

1.c4 e6 2.Nc3 d5 3.d4 Be7 4.cxd5 exd5 5.Bf4 c6 6.e3 Bf5 7.g4 Be6 8.h3 Nf6 
9.Nf3 O-O 10.Bd3 c5 11.Kf1 Nc6 12.Kg2 Rc8 13.Rc1 Re8 14.dxc5 Bxc5 15.Nb5 
Bf8 16.Nfd4 Nxd4 17.Rxc8 Qxc8 18.exd4 Qd7 19.Nc7 Rc8 20.Nxe6 fxe6 21.Re1 
a6 22.g5 Ne4 23.Qg4 Bb4 24.Re2 Rf8 25.f3 Qf7 26.Be5 Nd2 27.a3 Nxf3 28.g6 
hxg6 29.Bg3 Be7 30.Rf2 Ne1+ 31.Kh2 Qxf2+ 32.Bxf2 Nxd3 33.Qxe6+ Rf7 34.Bg3 
Nxb2 35.Qxd5 Bf6 36.Bd6 g5 37.Qb3 Bxd4 38.Qe6 g6 39.Qe8+ Kg7 40.Be5+ Bxe5+
41.Qxe5+ Kh7 1-0

[Event "World Championship 29th"]
[Site "Baguio City PHI"]
[Date "1978.08.17"]
[Round "13"]
[White "Korchnoi, Viktor L"]
[Black "Karpov, Anatoly"]
[Result "0-1"]
[WhiteElo "2665"]
[BlackElo "2725"]
[EventDate "1978.07.??"]

1.c4 Nf6 2.Nc3 e6 3.Nf3 d5 4.d4 Be7 5.Bg5 h6 6.Bh4 O-O 7.Rc1 b6 8.Bxf6 
Bxf6 9.cxd5 exd5 10.g3 c6 11.Bg2 Bf5 12.O-O Qd6 13.e3 Nd7 14.Ne1 Rfe8 15.
Nd3 g6 16.Nf4 Bg7 17.g4 Be6 18.h3 Nf8 19.Nxe6 Nxe6 20.Qd3 Rad8 21.Rc2 Nc7 
22.Na4 Qd7 23.b3 Re6 24.Nc3 Rd6 25.b4 Bf8 26.Ne2 b5 27.Qb3 Na8 28.a4 bxa4 
29.Qxa4 Nb6 30.Qb3 Rb8 31.Nf4 Nc4 32.Qa4 f5 33.gxf5 Qxf5 34.Qxa7 Rxb4 35.
Ra2 Qc8 36.Rc1 Rb7 37.Qa4 Rf7 38.Rxc4 dxc4 39.Qxc4 Qf5 40.Nd3 Bg7 41.Ra7 
Rf6 42.Rxf7 Rxf7 43.d5 Be5 44.dxc6 Kg7 45.Be4 Qg5+ 46.Kf1 Bd6 47.Bd5 Re7 
48.Bf3 h5 49.Bd1 Qf5 50.Ke2 Re4 51.Qc3+ Qf6 52.Qb3 Qf5 53.Qb7+ Re7 54.Qb2+
Kh7 55.Qd4 Bc7 56.Qh4 Re4 57.f4 Bb6 58.Bc2 Rxe3+ 59.Kd2 Qa5+ 60.Kd1 Qa1+ 
61.Kd2 Re4 0-1

[Event "Assoc. Max Euwe Match"]
[Site "Monaco MNC"]
[Date "1999.02.26"]
[Round "5"]
[White "Piket, Jeroen"]
[Black "Karpov, Anatoly"]
[Result "1/2-1/2"]
[WhiteElo "2619"]
[BlackElo "2710"]

1.d4 Nf6 2.c4 e6 3.Nc3 Bb4 4.Qc2 O-O 5.a3 Bxc3+ 6.Qxc3 b6 7.Bg5 Bb7 8.f3 
h6 9.Bh4 d5 10.e3 Nbd7 11.cxd5 Nxd5 12.Bxd8 Nxc3 13.Bh4 Nd5 14.Bf2 f5 15.
Bb5 c6 16.Bd3 e5 17.Ne2 Rae8 18.Rc1 exd4 19.exd4 N7f6 20.O-O Re7 21.Rfe1 
Rfe8 22.Nc3 g6 23.Bc4 f4 24.Rxe7 Rxe7 25.g3 Kg7 26.Nxd5 Nxd5 27.Bxd5 cxd5 
28.gxf4 Rf7 29.Bg3 Rf6 30.Rc7+ Rf7 31.Rc3 Rf6 32.f5 Rxf5 33.Bb8 a6 34.Bc7 
b5 35.Be5+ Kg8 36.Kf2 Rf8 37.Rc7 Rf7 38.Rc5 Rf8 39.Ke3 Rc8 40.Rxc8+ Bxc8 
41.Kd3 a5 1/2-1/2

[Event "Assoc. Max Euwe Match"]
[Site "Monaco MNC"]
[Date "1999.02.23"]
[Round "3"]
[White "Piket, Jeroen"]
[Black "Karpov, Anatoly"]
[Result "1/2-1/2"]
[WhiteElo "2619"]
[BlackElo "2710"]

1.d4 Nf6 2.c4 e6 3.Nc3 Bb4 4.Qc2 O-O 5.a3 Bxc3+ 6.Qxc3 b6 7.Bg5 Bb7 8.f3 
d5 9.e3 Nbd7 10.cxd5 exd5 11.Bd3 Re8 12.Ne2 h6 13.Bh4 c5 14.O-O Qe7 15.Bf2
a5 16.b4 axb4 17.axb4 c4 18.Bc2 b5 19.Qb2 Bc6 20.Nc3 Nb6 21.Ra5 Na4 22.
Bxa4 bxa4 23.Rc5 a3 24.Qd2 Rec8 25.Bh4 g5 26.Bg3 Nd7 27.Ra1 Nxc5 28.dxc5 
Re8 29.Kf2 Qf6 30.Ra2 Reb8 31.Bxb8 Rxb8 32.Ne2 c3 33.Qxc3 Qxc3 34.Nxc3 
Rxb4 35.Rxa3 Rc4 36.Ne2 Rxc5 37.Nd4 Bd7 38.Ra8+ Kg7 39.Ra7 Bc8 40.g4 Kf6 
41.h3 h5 42.gxh5 Bxh3 43.h6 Be6 44.Ra6 Rc4 45.Ke2 Rc8 46.f4 gxf4 47.exf4 
Rh8 48.f5 Ke5 49.fxe6 fxe6 50.Nf3+ Kf6 51.Nd4 Ke5 52.Nxe6 1/2-1/2

[Event "Assoc. Max Euwe Match"]
[Site "Monaco MNC"]
[Date "1999.02.21"]
[Round "1"]
[White "Piket, Jeroen"]
[Black "Karpov, Anatoly"]
[Result "1/2-1/2"]
[WhiteElo "2619"]
[BlackElo "2710"]

1.d4 Nf6 2.c4 e6 3.Nf3 b6 4.g3 Ba6 5.Qa4 Bb7 6.Bg2 c5 7.dxc5 Bxc5 8.O-O 
Be7 9.Nc3 Na6 10.Bf4 O-O 11.Rfd1 Nc5 12.Qc2 Qc8 13.Rac1 Nce4 14.Nd4 Nxc3 
15.Qxc3 a6 16.Qb3 Bxg2 17.Kxg2 Qb7+ 18.Qf3 Ra7 19.Qxb7 Rxb7 20.f3 Rc8 21.
e4 Ne8 22.h4 h5 23.a4 Bf6 24.Be3 Rbc7 25.b3 d5 26.Ne2 dxc4 27.Bxb6 Rc6 28.
Rxc4 Rxc4 29.bxc4 Rxc4 30.a5 Nc7 31.Rc1 Rxc1 32.Nxc1 Nb5 33.Nd3 Bc3 34.Nc5
Nd6 35.Nxa6 Nc4 36.Nc5 1/2-1/2